Φορτώνει......
Understanding Computers:computer basics
| Μορφή: | Printed Book |
|---|---|
| Έκδοση: |
Alexandria
Time-Life Books
|
| Θέματα: |
| LEADER | 00439nam a22001337a 4500 | ||
|---|---|---|---|
| 020 | |a 0809456540 | ||
| 082 | |a R004 |b UND | ||
| 245 | |a Understanding Computers:computer basics | ||
| 260 | |a Alexandria |b Time-Life Books | ||
| 300 | |a 128 | ||
| 650 | |a Evolution of the Microchip | ||
| 942 | |c BK | ||
| 999 | |c 129920 |d 129916 | ||
| 952 | |0 0 |1 0 |4 0 |6 R_004_000000000000000_UND |7 0 |8 REF |9 128715 |a SPAP |b SPAP |c REF |d 2017-09-14 |l 0 |o R004 UND |p SPAP968 |r 2017-09-14 |w 2017-09-14 |y REF | ||